Bilecik Bilecik Bilecik Bilecik Bilecik

Cost accounting : (Record no. 7950)

MARC details
000 -BAŞLIK
Sabit Uzunluktaki Kontrol Alanı 00939nam a22003137a 4500
001 - KONTROL NUMARASI
Control Dosyası 0007975
003 - KONTROL NUMARASI KİMLİĞİ
Kontrol Alanı KOHA_MİRAKIL
005 - EN SON İŞLEM TARİHİ ve ZAMANI
Kontrol Alanı 20260207001617.0
007 - FİZİKSEL TANIM SABİT ALAN - GENEL BİLGİ
Sabit uzunluklu kontrol alanı ta
008 - SABİT UZUNLUKTAKİ VERİ ÖGELERİ - GENEL BİLGİ
Sabit Alan 091007b1971 us |||gr||||#||||0|eng |
040 ## - KATALOGLAMA KAYNAĞI
Özgün Kataloglama Kurumu TR-BiSEU
Kataloglama Dili tur
Çeviri Kurumu TR-BiSEU
Açıklama Kuralları rda
041 0# - DİL KODU
Metin ya da ses kaydının dil kodu eng
044 ## - YAYINLAYAN/ÜRETEN KURULUŞUN ÜLKE KODU
ISO country code us
050 ## - SINIFLAMA ve YER NUMARASI
Sınıflama Numarası HF5681
Yer Numarası .S55 1971
100 1# - KİŞİ ADI
Yazar Adı (Kişi adı) Shillinglaw, Gordon.
245 1# - ESER ADI BİLDİRİMİ
Başlık Cost accounting :
Alt Eseradı vb. analysis and control/
Sorumluluk Bildirimi Gordon Shillinglaw ; Gordon Shillinglaw.
264 #1 - ÜRERİM, YAYIN, DAĞITIM ve TELİF BİLDİRİMİ
Yayın yeri Homewood, illinois :
Yayınlayan Richard D. Irwin, c1967
Yayın tarihi 1971
300 ## - FİZİKSEL TANIMLAMA
Sayfa, Cilt vb. xviii, 913 sayfa: tablo
336 ## - İÇERİK TÜRÜ
Content type term metin
Content type code txt
Source rdacontent
337 ## - MEDYA TÜRÜ
Media type term aracısız
Media type code n
Source rdamedia
338 ## - TAŞIYICI TÜRÜ
Carrier type term cilt
Carrier type code nc
Source rdacarrier
490 0# - DİZİ BİLDİRİMİ
Dizi Bildirimi The Willard J.
490 0# - DİZİ BİLDİRİMİ
Dizi Bildirimi Graham series in accounting
500 ## - GENEL NOT
Genel Not Dizin var.
650 #0 - KONU BAŞLIĞI EK GİRİŞ - KONU TERİMİ
Konusal terim veya coğrafi ad Maliyet muhasebesi.
9 (RLIN) 3965
830 0# - SERİ EK GİRİŞİ - TEKBİÇİM ESER ADI
Tekbiçim Başlık The Willard J.
9 (RLIN) 19767
830 0# - SERİ EK GİRİŞİ - TEKBİÇİM ESER ADI
Tekbiçim Başlık Graham series in accounting
9 (RLIN) 11611
942 ## - EK GİRİŞ ÖGELERİ (KOHA)
Source of classification or shelving scheme Library of Congress Classification
Koha item type Book
Holdings
Materyal Türü Kalıcı Konum Mevcut Konum Raf Yeri Sınıflandırma Kaynağı Edinim Bilgisi Ana Konular Alt Konular Yer Numarası Demirbaş Numarası Fatura Tarihi Maliyet, Alış Fiyatı Maliyet, Yenileme Fiyatı Geri Çekilme Durumu Kayıp Durumu Hasarlı Durumu Kredi için değil Kayıt Tarih Toplam Ödünçverme Son Görülme Tarihi Son Kontrol Tarihi Genel / Bağış Notu
Book Prof. Dr. Azmi Özcan Kütüphanesi Prof. Dr. Azmi Özcan Kütüphanesi Uluğbey Salonu Library of Congress Classification Bağış SOSYAL BİLİMLER Ticaret HF5681 .S55 1971 0007975 13/08/2010 2.00 2.00         07/10/2009   05/12/2024 05/12/2024 Genel Bağış